INNOVATORS STORIES OF HI TECH ENTREPRENE (Record no. 27667)

MARC details
000 -LEADER
fixed length control field 00325nam a2200121Ia 4500
008 - FIXED-LENGTH DATA ELEMENTS--GENERAL INFORMATION
fixed length control field 240624s9999 xx 000 0 und d
041 ## - LANGUAGE CODE
Language code of text/sound track or separate title eng
082 ## - DEWEY DECIMAL CLASSIFICATION NUMBER
Classification number 658.4063 AWA
100 ## - MAIN ENTRY--PERSONAL NAME
Personal name AWASTHI DINESH
245 ## - TITLE STATEMENT
Title INNOVATORS STORIES OF HI TECH ENTREPRENE
260 ## - PUBLICATION, DISTRIBUTION, ETC.
Date of publication, distribution, etc. 2015
Place of publication, distribution, etc. Delhi
Name of publisher, distributor, etc. Bookwell
300 ## - PHYSICAL DESCRIPTION
Extent x, , 380 , 23 : p. : cm.
Holdings
Withdrawn status Lost status Damaged status Not for loan Home library Current library Shelving location Date acquired Full call number Barcode Date last seen Price effective from Koha item type
        IMTN IMTN Rack 31-A 06/23/2016 658.4063 AWA 27667 06/24/2024 06/24/2024 Books
Designed & Maintained by: LRC IMT Nagpur Contact: lrc@imtnag.ac.in© 2024. All Rights Reserved.